| 000 | 00539nam a2200169 4500 | ||
|---|---|---|---|
| 001 | 127942 | ||
| 003 | ES-MaACL | ||
| 005 | 20230906193126.0 | ||
| 007 | t| | ||
| 008 | 070214s1920 ag r ||||1| spa d | ||
| 100 | 1 |
_aRivero Astengo, Agustín P. _997691 |
|
| 245 | 1 | 0 |
_aAguas hondas _b: (poesías) / _cAgustín P. Rivero Astengo ; prólogo de Roberto G. Paterson. |
| 260 |
_aBuenos Aires : _b[s. n.], _c1920 ( _fImp. Mercatalli) |
||
| 300 |
_a80 p. ; _c19 x 13 cm. |
||
| 700 | 1 |
_aPaterson, Roberto G. _989564 |
|
| 852 |
_aES-MaACL _jF-9557 |
||
| 999 |
_c127942 _d127942 |
||